41-佐賀県の市町村クイズ - Statistics

General Stats
  • This quiz has been taken 1,765 times
    1,583 since last reset
  • The average score is 13 of 20
Answers on the Map
Answers color-coded by a green-red scale on the quiz's map according to % correct below.
 
Answer Stats
Answer % Correct
佐賀さが
91%
唐津からつ
86%
鳥栖とす
82%
玄海げんかいちょう
81%
伊万里いまり
75%
基山きやまちょう
70%
嬉野うれしの
69%
武雄たけお
68%
神埼かんざき
67%
有田ありたちょう
66%
吉野ヶ里よしのがりちょう
66%
鹿島かしま
64%
小城おぎ
59%
多久たく
59%
太良たらちょう
58%
みやきちょう
58%
江北こうほくまち
55%
上峰かみみねちょう
53%
大町おおまちちょう
52%
白石しろいしちょう
52%
No matching quizzes found
Score Distribution
Percent of People with Each Score
Percentile by Number Answered
Your Score History
You have not taken this quiz since the last reset